Paroles - The Power of Love - Huey Lewis & The News - Statistiques

Statistiques générales
  • Ce quiz a été pris 8 fois
  • Le résultat moyen est 177 sur 293
Statistiques - réponses
Réponse % Correct
a
100%
love
100%
of
100%
power
100%
Power
100%
power,
100%
The
100%
the
100%
you
86%
You
86%
your
86%
and
71%
And
71%
be
71%
do
71%
feel
71%
Feel
71%
in
71%
is
71%
it
71%
it,
71%
it?
71%
It
71%
know
71%
need
71%
this
71%
to
71%
all
57%
at
57%
can
57%
Can
57%
don't
57%
Don't
57%
life
57%
no
57%
say
57%
strong
57%
that
57%
They
57%
with
57%
another
43%
bad
43%
But
43%
but
43%
curious
43%
feeling;
43%
from
43%
good
43%
It's
43%
it's
43%
just
43%
keeps
43%
Make
43%
make
43%
man
43%
money,
43%
money
43%
More
43%
night
43%
one
43%
sing
43%
sometimes
43%
Stronger
43%
stronger
43%
take
43%
than
43%
that's
43%
That's
43%
thing
43%
train
43%
what
43%
when
43%
When
43%
Yeah,
43%
card
29%
care
29%
Change
29%
cream
29%
credit
29%
cruel
29%
diamonds,
29%
diamonds
29%
dove
29%
dream
29%
fair
29%
fame
29%
girl's
29%
hold
29%
home
29%
like
29%
little
29%
mad
29%
might
29%
rich
29%
ride
29%
right
29%
sad
29%
save
29%
sudden
29%
weep,
29%
white
29%
you'll
29%
you've
29%
above
14%
baby
14%
First
14%
found
14%
gets
14%
glad
14%
go'round
14%
harder
14%
hawk
14%
help
14%
makes
14%
Next
14%
nothin'
14%
steel
14%
till
14%
time
14%
Tougher
14%
won't
14%
world
14%
wrong
14%
Aucun quiz correspondant
Distribution des résultats
% des personnes avec chaque résultat
Percentile par nombre de réponses
Votre historique - résultats
Vous n’avez pas pris ce quiz